000 00916nam a2200229 a 4500
001 59653
003 BD-RjUL
005 20211209080744.0
008 161226s1994 bg ||||| |||| 00| 0 ben d
020 _c: Tk.80.00
_a9840801171
035 _a(BD-RjUL)59777
040 _aBD-RjUL
_bben
_cBD-RjUL
_dBD-RjUL
041 _aben
082 _a378.1
_223
_bFAB 1994
100 _aফজল, তারেক
_9119329
245 1 0 _aবিশ্ববিদ্যালয় আইন ১৯৭৩ :
_bপরিমার্জন প্রস্তাবনা /
_cতারেক ফজল
260 _aঢাকা :
_bএকাডেমিক পাবলিশার্স,
_c১৯৯৪
300 _a১২৪ পৃ. ;
_c২২ সেমি.
650 _aবিশ্ববিদ্যালয়ের স্বায়ত্তশাসন
_9142923
650 _aUniversity Autonomy
_9142924
942 _2ddc
_cBK
999 _c59653
_d59653